000 00870nam a2200277 i 4500
999 _c200429930
_d47856
001 200429930
003 TR-AnTOB
005 20241121154353.0
007 ta
008 180619b2018 tu e 001 0 tur d
040 _aTR-AnTOB
_beng
_erda
_cTR-AnTOB
041 0 _atur
050 0 0 _aKKX2474
_b.K3736 2018
090 _aKKX2474
_b.K3736 2018
100 1 _aKaran, Ulaş
_eauthor
_9120061
245 1 0 _aİfade özgürlüğü /
_cUlaş Karan.
264 1 _aAnkara :
_bT.C. Anayasa Mahkemesi,
_c2018.
300 _a244 pages ;
_c24 cm
336 _atext
_2rdacontent
_btxt
337 _aunmediated
_2rdamedia
_bn
338 _avolume
_2rdacarrier
_bnc
490 0 _aAnayasa Mahkemesine Bireysel Başvuru El Kitapları Serisi ;
_v2
650 0 _aKonuşma özgürlüğü
_zTürkiye
_9108898
942 _2lcc
_cBK